Reading, writing and cultivating Lire, écrire et cultiver: A resource book for post-literacy trainers based on experiences in Senegal
Đây là tập chuyên luận viết về vấn đề giáo dục phụ nữ nông thôn dựa vào cộng đồng. Các lĩnh vực đề cập đến gồm: dạy văn hóa ( viết, đọc, làm tính, ca múa dân gian... ); dạy làm kinh tế gia đình: nghề phụ, nội trợ; dạy về chăn nuôi,...
Đã lưu trong:
| Príomhúdar: | |
|---|---|
| Formáid: | Leabhar |
| Teanga: | Undetermined |
| Foilsithe: |
Wageningen
CTA
1988
|
| Ábhair: | |
| Clibeanna: |
Cuir Clib Leis
Gan Chlibeanna, Bí ar an gcéad duine leis an taifead seo a chlibeáil!
|
| Thư viện lưu trữ: | Trung tâm Học liệu Trường Đại học Cần Thơ |
|---|
| LEADER | 01053nam a2200205Ia 4500 | ||
|---|---|---|---|
| 001 | CTU_16484 | ||
| 008 | 210402s9999 xx 000 0 und d | ||
| 082 | |a 331 | ||
| 082 | |b M645r | ||
| 100 | |a Jullet Millican | ||
| 245 | 0 | |a Reading, writing and cultivating | |
| 245 | 0 | |b Lire, écrire et cultiver: A resource book for post-literacy trainers based on experiences in Senegal | |
| 245 | 0 | |c Jullet Millican | |
| 260 | |a Wageningen | ||
| 260 | |b CTA | ||
| 260 | |c 1988 | ||
| 520 | |a Đây là tập chuyên luận viết về vấn đề giáo dục phụ nữ nông thôn dựa vào cộng đồng. Các lĩnh vực đề cập đến gồm: dạy văn hóa ( viết, đọc, làm tính, ca múa dân gian... ); dạy làm kinh tế gia đình: nghề phụ, nội trợ; dạy về chăn nuôi, trồng trọt v.v... | ||
| 650 | |a businesswomen,home economics,women in africa | ||
| 904 | |i Nguyễn Quang Điền, 970523 | ||
| 980 | |a Trung tâm Học liệu Trường Đại học Cần Thơ | ||